000 00479nam a2200181Ia 4500
001 4235
005 20260306145741.0
008 260306t2018||||xx |||||||||||||| ||spa||
041 _aESP
082 _a320.014
_bM511
100 _aMaarek, Philippe J.
_eAUT
245 0 _aMarketing político y comunicación:
_bclaves para una buena información política
260 _c2018
300 _a474 páginas :
_c22 cm.
650 _aGEN
654 _aCDE
942 _cLIB
_dJUS
_fJUS
_2ddc
_n
999 _c4235
_d4235